Az igazság fényében Grál-üzenet Abdrushintól

Bibliographic Details
Main Author: Abd-ru-shin, 1875-1941 (Author)
Format: Book
Language:Hungarian
German
PhysicalDescription:574 s. 25 cm
Published: Trenčín Bytos 2017
ISBN:9788097269807
Subjects:

MARC

LEADER 00000cam a2200000 a 4500
001 vtls011715333
003 SK-MaSNL
005 20260301094939.0
008 240318s2017 xo g 000 0 hun
015 |a SNBA2017/10 
020 |a 9788097269807  |q (viaz.) 
035 |a AD6E690F-A5DC-45C0-AF51-4D64F26EF1D6 
035 |a urn:nbn:sk:snk-am3ibon 
035 |a urn:nbn:sk:snk-am00e164 
040 |a SNK  |b slo  |c SNK  |e AACR2 
041 1 |a hun  |h ger 
044 |a xo  |c SK 
072 7 |a 29  |x Moderné duchovné hnutia  |2 konspekt 
080 |a 299.7-664.3  |2 2011 
080 |a 2-1/-9  |2 2011 
080 |a 2-664.3  |2 2011 
080 |a 133  |2 2011 
080 |a (049)  |2 2011 
100 1 |a Abd-ru-shin,  |d 1875-1941  |4 aut  |9 237892 
240 1 0 |a Im Lichte der Wahrheit, Gralsbotschaft von Abdruschin  |l Maďarsky 
245 1 3 |a Az igazság fényében  |b Grál-üzenet Abdrushintól  |c Abd-ru-shin 
260 |a Trenčín  |b Bytos  |c 2017 
300 |a 574 s.  |c 25 cm 
610 2 7 |a Hnutie grálu  |2 SNKPH 
650 0 7 |a náboženské učenia  |2 SNKPH  |9 68671 
650 0 7 |a synkretizmus (náboženstvo)  |2 SNKPH  |9 66921 
650 0 7 |a ezoterizmus  |2 SNKPH  |9 2084 
650 0 7 |a Grail movement (Bernhardt)  |2 SNKPHeng  |9 329701 
650 0 7 |a Religious doctrines  |2 SNKPHeng  |9 305496 
650 0 7 |a Syncretism (Religion)  |2 SNKPHeng  |9 221156 
650 0 7 |a Esotericism  |2 SNKPHeng  |9 329846 
655 7 |a rozpravy  |2 SNKPH  |9 70559 
655 7 |a Essays  |2 SNKPHeng  |9 267540 
852 |a Štátna vedecká knižnica v Banskej Bystrici 
919 |a 978-80-972698-0-7 
958 |a NT 
958 |a OP 
968 |a Mag  |b DT 
999 |c 681757  |d 683687 
952 |a SNK  |b SNK  |y PREZ  |7 0  |p 17A1273555  |o snkSC 176512  |i snk2017/22554  |8 0  |0 0  |1 0  |4 0  |d 2017-10-16  |f 1  |l 0  |r 2025-09-18 00:00:00  |w 2026-02-23 
952 |a SNK  |b SNK  |y VYP  |7 0  |p 17A1273556  |o snkSC 176512 D1  |i snk2017/22555  |8 0  |0 0  |1 0  |4 0  |d 2017-10-16  |l 0  |r 2026-02-23 20:00:01  |w 2026-02-23